<?xml version="1.0" encoding="UTF-8"?>
<record
    xmlns:xsi="http://www.w3.org/2001/XMLSchema-instance"
    xsi:schemaLocation="http://www.loc.gov/MARC21/slim http://www.loc.gov/standards/marcxml/schema/MARC21slim.xsd"
    xmlns="http://www.loc.gov/MARC21/slim">

  <leader>00524    a2200145   4500</leader>
  <controlfield tag="003">NUST</controlfield>
  <controlfield tag="005">20230221184108.0</controlfield>
  <datafield tag="040" ind1=" " ind2=" ">
    <subfield code="c">Nust</subfield>
  </datafield>
  <datafield tag="082" ind1=" " ind2=" ">
    <subfield code="a">297.3,NAD</subfield>
  </datafield>
  <datafield tag="100" ind1=" " ind2=" ">
    <subfield code="a">Nadvi, Moulana Syed Abu Ul Hassan Ali </subfield>
    <subfield code="9">109404</subfield>
  </datafield>
  <datafield tag="245" ind1=" " ind2=" ">
    <subfield code="a">Muslim Mumalik Main Islamiat Aur Maghribiat Ki Kashmakash / &#x645;&#x633;&#x644;&#x645; &#x645;&#x645;&#x627;&#x644;&#x6A9; &#x645;&#x6CC;&#x6BA; &#x627;&#x633;&#x644;&#x627;&#x645;&#x6CC;&#x62A; &#x627;&#x648;&#x631; &#x645;&#x63A;&#x631;&#x628;&#x6CC;&#x62A; &#x6A9;&#x6CC; &#x6A9;&#x634;&#x645;&#x6A9;&#x634; (Urdu) /</subfield>
    <subfield code="c">Maulana Abul Hasan Ali Nadvi</subfield>
  </datafield>
  <datafield tag="260" ind1=" " ind2=" ">
    <subfield code="a">Karachi</subfield>
    <subfield code="b">Majlis Nisharrat Nazam Abad</subfield>
    <subfield code="c">1981</subfield>
  </datafield>
  <datafield tag="300" ind1=" " ind2=" ">
    <subfield code="a">344 p.;</subfield>
  </datafield>
  <datafield tag="942" ind1=" " ind2=" ">
    <subfield code="2">ddc</subfield>
    <subfield code="c">BK</subfield>
    <subfield code="k">297.3,NAD</subfield>
  </datafield>
  <datafield tag="999" ind1=" " ind2=" ">
    <subfield code="c">194202</subfield>
    <subfield code="d">194202</subfield>
  </datafield>
  <datafield tag="952" ind1=" " ind2=" ">
    <subfield code="0">0</subfield>
    <subfield code="1">0</subfield>
    <subfield code="2">ddc</subfield>
    <subfield code="4">0</subfield>
    <subfield code="7">0</subfield>
    <subfield code="a">MCS</subfield>
    <subfield code="b">MCS</subfield>
    <subfield code="c">GEN</subfield>
    <subfield code="d">2016-12-12</subfield>
    <subfield code="o">297.3,NAD</subfield>
    <subfield code="p">MCS34855</subfield>
    <subfield code="r">2016-12-08</subfield>
    <subfield code="w">2016-12-12</subfield>
    <subfield code="y">BK</subfield>
    <subfield code="z">Almirah No.64, Shelf No.1</subfield>
  </datafield>
</record>
